| 000 | 00418 a2200157 4500 | ||
|---|---|---|---|
| 003 | NUST | ||
| 005 | 20230304152429.0 | ||
| 040 | _cNust | ||
| 082 | _a891.439,HIJ | ||
| 100 |
_aHijazi, Naseem _951835 |
||
| 245 |
_aInsan aur Devta / انسان اور دیوتا (Urdu) / _cNaseem Hijazi |
||
| 260 |
_aLahore _bQummi Kutab Khana _c1996 |
||
| 300 | _a406 p.; | ||
| 650 |
_aNovel _92525 |
||
| 942 |
_2ddc _cBK _k891.439,HIJ |
||
| 999 |
_c188097 _d188097 |
||